[Event "Lindores Abbey Rapid Challenge-KO"]
[White "Yu, Yangyi"]
[Black "Ding, Liren"]
[Site "Online"]
[Round "1.1"]
[Annotator "ChessBase"]
[Result "1-0"]
[Date "2020.05.23"]
[WhiteElo "2738"]
[BlackElo "2836"]
[PlyCount "137"]
[TimeControl "900+10"]

1. e4 e5 2. Nf3 {[%emt 0:10:24]} Nc6 {[%emt 0:11:21]} 3. Bc4 {[%emt 0:0:11]} Nf6 {[%emt 0:0:12]} 4. Ng5 {[%emt 0:0:13]} d5 {[%emt 0:0:16]} 5. exd5 {[%emt 0:0:11]
} Na5 {[%emt 0:0:11]} 6. Bb5+ {[%emt 0:0:11]} c6 {[%emt 0:0:0]} 7. dxc6 {[%emt 0:0:11]} bxc6 {[%emt 0:0:11]} 8. Bd3 {[%emt 0:0:12]} Nd5 {[%emt 0:0:11]} 9. Nf3 {[%emt 0:0:14]} Bd6 {[%emt 0:0:11]} 10. Nc3 {[%emt 0:0:0]} 0-0 {[%emt 0:0:18]} 11. Be2 {[%emt 0:0:16]} f5 {[%emt 0:0:11]} 12. d3 {[%emt 0:0:11]} Nxc3 {[%emt 0:0:15]} 13. bxc3 {[%emt 0:0:13]} e4 {[%emt 0:0:11]
} 14. Nd4 {[%emt 0:0:14]} Qf6 {[%emt 0:0:15]} 15. 0-0 {[%emt 0:0:0]} Qe5 {[%emt 0:0:19]} 16. f4 {[%emt 0:0:21]} Qe7 {[%emt 0:0:28]} 17. Kh1 {[%emt 0:0:15]} Bd7 {[%emt 0:0:17]} 18. Rb1 {[%emt 0:0:16]} Rad8 {[%emt 0:0:12]
} 19. Bd2 {[%emt 0:0:21]} c5 {[%emt 0:0:29]} 20. Nb5 {[%emt 0:0:0]} Bb8 {[%emt 0:0:12]} 21. dxe4 {[%emt 0:0:17]} fxe4 {[%emt 0:0:15]} 22. Qe1 {[%emt 0:0:39]} e3 {[%emt 0:0:14]} 23. Bc1 {[%emt 0:0:48]} Bxf4 {[%emt 0:0:12]
} 24. c4 {[%emt 0:0:13]} Nc6 {[%emt 0:0:14]} 25. Bf3 {[%emt 0:0:0]} Kh8 {[%emt 0:0:19]} 26. Nc3 {[%emt 0:0:20]} Qe5 {[%emt 0:0:21]} 27. Nd5 {[%emt 0:0:12]} Bxh2 {[%emt 0:0:13]} 28. Qxe3 {[%emt 0:0:12]} Nd4 {[%emt 0:0:16]
} 29. Qxe5 {[%emt 0:0:37]} Bxe5 {[%emt 0:0:10]} 30. Be3 {[%emt 0:0:12]
} Bc6 {[%emt 0:0:15]} 31. Be4 {[%emt 0:0:24]} Ne2 {[%emt 0:0:0]} 32. Rxf8+ {[%emt 0:0:36]} Rxf8 {[%emt 0:0:10]} 33. Bf3 {[%emt 0:0:11]} Nd4 {[%emt 0:0:12]} 34. Bxd4 {[%emt 0:0:12]} Bxd4 {[%emt 0:0:11]} 35. Re1 {[%emt 0:0:16]
} g6 {[%emt 0:0:35]} 36. Re6 {[%emt 0:0:12]} Bxd5 {[%emt 0:0:0]} 37. cxd5 {[%emt 0:0:10]} Kg7 {[%emt 0:0:10]} 38. d6 {[%emt 0:0:12]} Rd8 {[%emt 0:0:13]} 39. Bc6 {[%emt 0:0:16]} Kf7 {[%emt 0:0:11]} 40. Bd5 {[%emt 0:0:11]
} Kg7 {[%emt 0:0:12]} 41. c4 {[%emt 0:0:12]} h5 {[%emt 0:0:15]
} 42. g3 {[%emt 0:0:11]} g5 {[%emt 0:0:12]} 43. Kg2 {[%emt 0:0:12]} g4 {[%emt 0:0:11]
} 44. Bc6 {[%emt 0:0:12]} Kf7 {[%emt 0:0:11]} 45. Bd5 {[%emt 0:0:0]} Kg7 {[%emt 0:0:11]} 46. a4 {[%emt 0:0:11]} a5 {[%emt 0:0:12]} 47. Be4 {[%emt 0:0:11]} Kf7 {[%emt 0:0:11]} 48. Bd5 {[%emt 0:0:13]} Kg7 {[%emt 0:0:11]
} 49. Re7+ {[%emt 0:0:11]} Kf6 {[%emt 0:0:12]} 50. Rf7+ {[%emt 0:0:10]
} Ke5 {[%emt 0:0:12]} 51. d7 {[%emt 0:0:11]} Kd6 {[%emt 0:0:0]} 52. Rh7 {[%emt 0:0:12]} Rxd7 {[%emt 0:0:11]} 53. Rh6+ {[%emt 0:0:11]} Kc7 {[%emt 0:0:12]} 54. Rc6+ {[%emt 0:0:11]} Kd8 {[%emt 0:0:11]} 55. Rh6 {[%emt 0:0:10]
} Re7 {[%emt 0:0:11]} 56. Rxh5 {[%emt 0:0:12]} Re2+ {[%emt 0:0:0]} 57. Kf1 {[%emt 0:0:11]} Rf2+ {[%emt 0:0:10]} 58. Ke1 {[%emt 0:0:10]} Rb2 {[%emt 0:0:11]} 59. Rg5 {[%emt 0:0:11]} Ra2 {[%emt 0:0:11]} 60. Rg8+ {[%emt 0:0:12]
} Ke7 {[%emt 0:0:12]} 61. Bf7 {[%emt 0:0:11]} Kxf7 {[%emt 0:0:0]} 62. Rxg4 {[%emt 0:0:10]} Rxa4 {[%emt 0:0:10]} 63. Rf4+ {[%emt 0:0:11]} Ke6 {[%emt 0:0:14]} 64. Kd1 {[%emt 0:0:11]} Ra1+ {[%emt 0:0:11]} 65. Kc2 {[%emt 0:0:11]
} a4 {[%emt 0:0:10]} 66. Kd3 {[%emt 0:0:10]} a3 {[%emt 0:0:11]
} 67. Re4+ {[%emt 0:0:10]} Kd6 {[%emt 0:0:11]} 68. Re2 {[%emt 0:0:11]} a2 {[%emt 0:0:10]
} 69. Ke4 {[%emt 0:0:11]} 1-0